000 00318nam a2200133Ia 4500
005 20251222144826.0
008 251222s9999||||xx |||||||||||||| ||spa||
020 _a84-301-0771-1
082 _a838.9/B73
100 _aBonhoeffer, Dietrich
245 0 _aRedimidos para lo Humano:
264 _bSígueme
942 _cLIB
999 _c20677
_d20677